Most popular baby girl names in Sweden - Statistics

General Stats
  • This quiz has been taken 1,411 times
  • The average score is 43 of 100
Answer Stats
Year Answer % Correct
| 1920s | 1970s | 1980s Anna
86%
| 1960s Maria
79%
| 1990s | 2000s Emma
72%
Sara
66%
Hanna
65%
Olivia
56%
Marie
55%
Julia
53%
Alice
52%
| 1940s | 1950s Eva
51%
Kristina
51%
Ella
50%
Lena
50%
Elsa
49%
Johanna
49%
Karin
47%
Ingrid
44%
Elin
43%
Elisabeth
42%
Ida
42%
| 2010 Maja
42%
Linda
39%
Linnéa
39%
Amanda
38%
Gun
37%
Kristina
36%
Malin
36%
Britta
34%
Wilma
34%
Birgit
33%
Margareta
32%
Annika
31%
Jenny
30%
| 1930s Kerstin
29%
Sandra
29%
Josefin
28%
Ulla
28%
Inga
27%
Alva
26%
Birgitta
25%
Monica
25%
Rut
24%
Ulrika
23%
Åsa
22%
Emelie
22%
Susanne
22%
Berit
21%
Inger
21%
Camilla
20%
Carina
20%
Anita
15%
Barbro
12%
Siv
11%
Anette
10%
No matching quizzes found
Score Distribution
Percent of People with Each Score
Percentile by Number Answered
Your Score History
You have not taken this quiz